Bengal (Record no. 9380)

MARC details
000 -LEADER
fixed length control field 00663nam a2200253 a 4500
020 ## - INTERNATIONAL STANDARD BOOK NUMBER
ISBN 0002105
082 00 - DEWEY DECIMAL CLASSIFICATION NUMBER
Classification number 954
Author Cutter MAR
100 ## - MAIN ENTRY--AUTHOR NAME
Author name Marshall, P J
245 ## - TITLE STATEMENT
Title Bengal
Sub title the British Bridgehead, Eastern India1740-1828
260 ## - PUBLICATION, DISTRIBUTION, ETC. (IMPRINT)
Place of publication Hyderabad
Name of publisher Orient Longman
Year of publication 1990
300 ## - PHYSICAL DESCRIPTION
Number of Pages 195p
500 ## - GENERAL NOTE
General note includes index and biblioraphy
505 2# - FORMATTED CONTENTS NOTE
Formatted contents note Appendices, Biblio., Index
650 ## - SUBJECT ADDED ENTRY--TOPICAL TERM
Topical Term India-History
650 ## - SUBJECT ADDED ENTRY--TOPICAL TERM
Topical Term India-British Period
942 ## - ADDED ENTRY ELEMENTS (KOHA)
Koha item type Books
700 1# -
-- Marshall, P J
Holdings
Collection code Home library Current library Date acquired Cost, normal purchase price Full call number Accession Number Koha item type
  Henry Martyn Institute Library Henry Martyn Institute Library 04/03/2007 150.00 954 MAR 014801 Books
                   Copyright © 2026 | Henry Martyn Institute | Hyderabad | TS-500052 | INDIA | Implemented by hmi.edu.in
Hit-Count:

Powered by Koha